000 00355nam a22001337a 4500
005 20240705153954.0
008 240705b |||||||| |||| 00| 0 eng d
020 _a81-902-666-0-8
041 _aeng
100 _aUNKALKAR, V.J.
_98441
245 _aMAGICAL WORLD OF MATHEMATICS [ VEDIC MATHEMATICS]
260 _aBANGALORE
_bVANDANA PUBLISHERS
942 _cBK
999 _c8549
_d8547